Инновационные технологии сопровождения семьи, воспитывающей ребенка с ограниченными возможностями здоровья (Запись № 12177302)
[ простой вид ]
| 000 -МАРКЕР | |
|---|---|
| контрольное поле | 02612nam0a2200385 i 4500 |
| 001 - ИДЕНТИФИКАТОР ЗАПИСИ | |
| контрольное поле | RU\NLR\BIBL_A\011252933 |
| 005 - ИДЕНТИФИКАТОР ВЕРСИИ | |
| контрольное поле | 20241104070057.0 |
| 010 ## - МЕЖДУНАРОДНЫЙ СТАНДАРТНЫЙ НОМЕР КНИГИ (ISBN) | |
| Номер (ISBN) | 9785992608861 |
| Тираж | 75 |
| 021 ## - НОМЕР ГОСУДАРСТВЕННОЙ РЕГИСТРАЦИИ | |
| Код страны | Российская Федерация |
| Номер | 2016-77708 |
| Номер Листа государственной регистраци | 5058 |
| 035 ## - ДРУГИЕ СИСТЕМНЫЕ НОМЕРА | |
| Идентификатор записи | (NILC)RuMoRGB-008645532 |
| 035 ## - ДРУГИЕ СИСТЕМНЫЕ НОМЕРА | |
| Идентификатор записи | (NLR Aleph) 011252933 |
| 100 ## - ДАННЫЕ ОБЩЕЙ ОБРАБОТКИ | |
| Данные общей обработки | 20161025d2015 km y0rusy50 ca |
| 101 0# - ЯЗЫК РЕСУРСА | |
| Язык текста, звукозаписи и т.д. | русский |
| 102 ## - СТРАНА ПУБЛИКАЦИИ ИЛИ ПРОИЗВОДСТВА | |
| Страна публикации | Российская Федерация |
| 105 ## - ПОЛЕ КОДИРОВАННЫХ ДАННЫХ: ТЕКСТОВЫЕ МАТЕРИАЛЫ, МОНОГРАФИЧЕСКИЕ | |
| Кодированные данные о монографическом текстовом документе | y|||z|||000zy |
| 200 1# - ЗАГЛАВИЕ И СВЕДЕНИЯ ОБ ОТВЕТСТВЕННОСТИ | |
| Основное заглавие | Инновационные технологии сопровождения семьи, воспитывающей ребенка с ограниченными возможностями здоровья |
| Сведения, относящиеся к заглавию | материалы всероссийского научно-практического семинара, г. Астрахань, 27-28 августа 2015 г. |
| Первые сведения об ответственности | [редкол.: Н. Ю. Сязина (гл. ред.) и др.] |
| 210 ## - ПУБЛИКАЦИЯ, РАСПРОСТРАНЕНИЕ И ДР. | |
| Место издания, распространения и т.д. | Астрахань |
| Имя издателя, распространителя и т. д. | Астраханский университет |
| Дата издания, распространения и т.д. | 2015 |
| 215 ## - ФИЗИЧЕСКАЯ ХАРАКТЕРИСТИКА | |
| Специфическое обозначение материала и объем | 71 с. |
| Размеры | 21 см |
| 300 ## - ОБЩИЕ ПРИМЕЧАНИЯ | |
| Текст примечания | В надзаг.: М-во социального развития и труда Астраханской обл., Астрах. регион. обществ. орг. работников социал. служб., Гос. автоном учреждение Астрах. обл. "Реабилитац. центр для детей и подростков с огранич. возможностями "Коррекция и развитие", Астрах. гос. ун-т" |
| 320 ## - ПРИМЕЧАНИЯ О НАЛИЧИИ В ДОКУМЕНТЕ БИБЛИОГРАФИИ / УКАЗАТЕЛЯ | |
| Текст примечания | Библиогр. в конце ст. |
| 606 ## - НАИМЕНОВАНИЕ ТЕМЫ КАК ПРЕДМЕТ | |
| Наименование темы | Семьи с детьми-инвалидами |
| Формальный подзаголовок | Съезды, совещания и т.п |
| Тематический подзаголовок | Психологическая служба |
| Системный номер авторитетной/нормативной записи | 2501988 |
| Идентификатор авторитетной/нормативной записи | RU\NLR\AUTH\661483863 |
| 606 ## - НАИМЕНОВАНИЕ ТЕМЫ КАК ПРЕДМЕТ | |
| Наименование темы | Дети-инвалиды |
| Формальный подзаголовок | Съезды, совещания и т.п |
| Тематический подзаголовок | Реабилитация |
| Системный номер авторитетной/нормативной записи | 945232 |
| Идентификатор авторитетной/нормативной записи | RU\NLR\AUTH\66350370 |
| 675 ## - УНИВЕРСАЛЬНАЯ ДЕСЯТИЧНАЯ КЛАССИФИКАЦИЯ (UDC/УДК) | |
| Индекс | 159.9 |
| 686 1# - ИНДЕКСЫ ДРУГИХ КЛАССИФИКАЦИЙ | |
| Индекс | Ю984.92я431 |
| 686 1# - ИНДЕКСЫ ДРУГИХ КЛАССИФИКАЦИЙ | |
| Индекс | Ю948.2я431 |
| 686 1# - ИНДЕКСЫ ДРУГИХ КЛАССИФИКАЦИЙ | |
| Индекс | Р733-5я431(2) |
| 702 #1 - ИМЯ ЛИЦА - ВТОРИЧНАЯ ОТВЕТСТВЕННОСТЬ | |
| Начальный элемент ввода | Сязина |
| Часть имени, кроме начального элемента ввода | Н. Ю. |
| Расширение инициалов личного имени | Наталья Юрьевна |
| Код отношения | Редактор |
| 711 12 - НАИМЕНОВАНИЕ ОРГАНИЗАЦИИ - АЛЬТЕРНАТИВНАЯ ОТВЕТСТВЕННОСТЬ | |
| Начальный элемент ввода | "Инновационные технологии сопровождения семьи, воспитывающей ребенка с ограниченными возможностями здоровья", всероссийский научно-практический семинар |
| Место проведения временной организации | Астрахань |
| Дата проведения временной организации | 2015 |
| Системный номер авторитетной/нормативной записи | 535606 |
| Идентификатор авторитетной/нормативной записи | RU\NLR\AUTH\880435638 |
| 801 #0 - ИСТОЧНИК ЗАПИСИ | |
| Страна | Российская Федерация |
| Организация | РГБ |
| Дата составления | 20161011 |
| Правила каталогизации | RCR |
| 942 ## - ДОПОЛНИТЕЛЬНЫЕ ЭЛЕМЕНТЫ ЗАПИСИ (АБИС) | |
| Тип экземпляра АБИС | Книга |
| 980 ## - КОЛЛЕКЦИЯ | |
| Название коллекции | НБР |
Нет доступных экземпляров.